Heros : (Record no. 16438)

MARC details
000 -LEADER
fixed length control field 02371ngm a2200385 4500
003 - CONTROL NUMBER IDENTIFIER
control field dpl
005 - DATE AND TIME OF LATEST TRANSACTION
control field 20080723110517.0
007 - PHYSICAL DESCRIPTION FIXED FIELD--GENERAL INFORMATION
fixed length control field DVD
008 - FIXED-LENGTH DATA ELEMENTS--GENERAL INFORMATION
fixed length control field ||||||sp199 xxu|||||c|||| 00| 0 eng d
010 ## - LIBRARY OF CONGRESS CONTROL NUMBER
LC control number DVD-000877-879 DVD-001084-1086
024 ## - OTHER STANDARD IDENTIFIER
Standard number or code A3996
Terms of availability 499.00
035 ## - SYSTEM CONTROL NUMBER
System control number DVD-000877-879 DVD-001084-1086
040 ## - CATALOGING SOURCE
Original cataloging agency DPL
Transcribing agency DPL
082 ## - DEWEY DECIMAL CLASSIFICATION NUMBER
Classification number DVD / HERO
245 ## - TITLE STATEMENT
Title Heros :
Statement of responsibility, etc Walt Disney Home Entertainment
Medium [videorecording] DVD/
Remainder of title Volume One- Adventures From The Exciting TV Series
246 ## - VARYING FORM OF TITLE
Title proper/short title .
260 ## - PUBLICATION, DISTRIBUTION, ETC. (IMPRINT)
Name of publisher, distributor, etc Walt Disney Home Entertainment
300 ## - PHYSICAL DESCRIPTION
Extent 1 videodisc DVD; (91 min.) :
Other physical details sd., col. ;
Dimensions 4 3/4 in.
Type of unit DVD
440 ## - SERIES STATEMENT/ADDED ENTRY--TITLE
Title Walt Disney Home Entertainment
500 ## - GENERAL NOTE
General note Sole Distributor in India M/s. Excel Productions Autio Visuals Pvt. Ltd.
500 ## - GENERAL NOTE
General note Bonus Features: Interactive Game : Be a Hero
500 ## - GENERAL NOTE
General note Adventures from the Exciting Tarzan &* Hercules TV Series
500 ## - GENERAL NOTE
General note This DVD is Copy Protected
538 ## - SYSTEM DETAILS NOTE
System details note Dolby Digital 5.1 -English,Mandarin, Thai, Korean Subtitles: English, Chinesse, Bahasa, thai, Korean
538 ## - SYSTEM DETAILS NOTE
System details note Aspect Ratio: 1.33:1, Presentation type:Full Frame, Presentation Size 4x3, Format DVD 9 Dual Layer Single Sided Disc.
650 ## - SUBJECT ADDED ENTRY--TOPICAL TERM
Topical term or geographic name as entry element Animated Movie
942 ## - ADDED ENTRY ELEMENTS (KOHA)
Koha item type CD-ROMs, DVDs, VHS
Source of classification or shelving scheme Dewey Decimal Classification
Classification part DVD
Call number suffix HERO
Holdings
Withdrawn status Lost status Source of classification or shelving scheme Damaged status Not for loan Home library Current library Date acquired Source of acquisition Cost, normal purchase price Total Checkouts Full call number Barcode Date last seen Date checked out Copy number Cost, replacement price Price effective from Koha item type Total Renewals
    Dewey Decimal Classification     Central Library Central Library 08/10/2008 Purchase 499.00 3 DVD HERO DVD-000877 16/08/2010 30/07/2010 1 499.00 08/10/2008 CD-ROMs, DVDs, VHS  
    Dewey Decimal Classification     Central Library Central Library 20/10/2008 Purchase 499.00 3 DVD HERO DVD-001084 05/06/2010 22/12/2009 1 499.00 20/10/2008 CD-ROMs, DVDs, VHS  
    Dewey Decimal Classification     Patel Nagar Patel Nagar 08/10/2008 Purchase 499.00 4 DVD HERO DVD-000879 27/05/2013 11/05/2013 1 499.00 08/10/2008 CD-ROMs, DVDs, VHS  
    Dewey Decimal Classification     Patel Nagar Patel Nagar 20/10/2008 Purchase 499.00 6 DVD HERO DVD-001086 18/08/2011 05/08/2011 1 499.00 20/10/2008 CD-ROMs, DVDs, VHS  
    Dewey Decimal Classification     Sarojini Nagar Sarojini Nagar 08/10/2008 Purchase 499.00 8 DVD HERO DVD-000878 29/07/2013 13/07/2013 1 499.00 08/10/2008 CD-ROMs, DVDs, VHS 2
    Dewey Decimal Classification     Sarojini Nagar Sarojini Nagar 20/10/2008 Purchase 499.00 6 DVD HERO DVD-001085 03/11/2014 28/10/2014 1 499.00 20/10/2008 CD-ROMs, DVDs, VHS  

© Delhi Public Library
Hit Counter
free hit counter